000 00680nam a22002177a 4500
999 _c10553
_d10553
003 AR-CdUCM
008 190311b ||||| |||| 00| 0 spa d
040 _aMUNICIPALIDAD PROVINCIAL DEL CUSCO
_cBIBLIOTECA MUNICIPAL DEL CUSCO
082 _a987.041 /
_bP31 / 1960
100 _aPavletich, Esteban
_9785
245 _aBolívar periodista /
260 _aLima :
_bDemos,
_c1960.
300 _a33 paginas ;
_c25 cm.
_bIlustraciones,
500 _aDonación familia Nieto.
505 _aContenido : Bolívar periodista.
650 _aLiteratura del siglo xx
_97647
650 _aLiteratura peruana
_9169
650 _aHistorietas
_910786
942 _2ddc
_cLIBROS
945 _aacv